L'habitat dans les forteresses de Migdol (Tell el-Herr) durant les Ve et IVe siècles avant J.-C. : étude archéologique /
المؤلف الرئيسي:
مؤلف مشترك:
التنسيق: كتاب
اللغة: French
منشور في:
Paris :
Presses de l'Université Paris-Sorbonne,
[2014].
سلاسل:
Passé présent.
الموضوعات:
الوسوم: إضافة وسم
رقم الطلب: DT73 .M233 M373
| LEADER | 01080nam a22002777a 4500 | ||
|---|---|---|---|
| 003 | OSt | ||
| 005 | 20251209084727.0 | ||
| 008 | 251209t2014 fr ab b 000 0 fre d | ||
| 020 | |a 2840509709 (pbk.) | ||
| 040 | |c ARCE Library | ||
| 043 | |a f-ua--- | ||
| 050 | 1 | 4 | |a DT73 .M233 |b M373 |
| 100 | 1 | |a Marchi, Séverine, |e author |9 35380 | |
| 245 | 1 | 2 | |a L'habitat dans les forteresses de Migdol (Tell el-Herr) durant les Ve et IVe siècles avant J.-C. : |b étude archéologique / |c Séverine Marchi. |
| 264 | 1 | |a Paris : |b Presses de l'Université Paris-Sorbonne, |c [2014]. | |
| 264 | 4 | |c ©2014. | |
| 300 | |a 259 pages : |b illustrations (some color), color maps ; |c 29 cm. | ||
| 490 | 0 | |a Passé présent. | |
| 500 | |a At head of title: Mission franco-égyptienne de Tell el-Herr (Nord-Sinaï). | ||
| 504 | |a Includes bibliographical references (pages 236-250). | ||
| 650 | 0 | |a Fortification |z Egypt. | |
| 651 | 0 | |a Magdolum (Extinct city) |x Antiquities. | |
| 710 | 2 | |a Mission franco-égyptienne de Tell el-Herr (Nord-Sinaï). | |
| 901 | |a reviewed | ||
| 942 | |c BK |2 lcc | ||
| 999 | |c 27933 |d 27933 | ||
